000 00789nam a2200229Ii 4500
003 JO-AjNU
008 230605s9999||||xx |||||||||||||| ||und||
017 _a2015/4/1540
020 _a978-9957-99-125-8
040 _aJO-AjNU
_bara
_erda
_cJO-AjNU
041 _aara
050 1 4 _aS544.2015
100 3 _aالحمد الله، عوني,
_eauthor
_964225
245 0 0 _aمبادئ الارشاد الزراعي
250 _aط1
264 3 1 _aعمان: دار امجد للنشر التوزيع، 2015
300 _a234ص
_bيحتوي على ملحق المصطلحات الزراعية من 189-230ص
336 _atext
_btxt
_2rdacontent
337 _aunmediated
_bn
_2rdamedia
338 _avolume
_bnc
_2rdacarrier
650 4 _aالزراعة-الارشاد الزراعي
_964226
999 _aA29176
_c32744
_d32744